01325cam a2200337 a 4500999001900000001000800019003000400027005001700031008004100048010001700089020004000106020003500146040001800181050002100199082001400220100003200234245006900266246004300335250001700378260005000395300006600445500007600511504006500587650002900652650002800681650002900709700007300738906004500811942001200856952011900868 c353422d3534222158462OSt20180116192407.0990527s1999 nyua | b 00| 0 eng  a 99035809  a0874774195 (hardcover : alk. paper) a0874774241 (pbk. : alk. paper) aDLCcDLCdDLC00aNC730b.E34 199900a741.22211 aEdwards, Betty,d1926-912314aThe new drawing on the right side of the brain /cBetty Edwards.30aDrawing on the right side of the brain a2nd rev. ed. aNew York :bJeremy P. Tarcher/Putnam,cc1999. axxv, 291 p., [12] pages of plates ;bill. (some col.)c23 cm. aRev. and expanded ed. of: Drawing on the right side of the brain. 1993. aIncludes bibliographical references (p. 279-282) and index . 0aDrawingxTechnique.9124 0aVisual perception.9125 0aCerebral dominance.91261 aEdwards, Betty,d1926-tDrawing on the right side of the brain.9127 a7bcbccorignewd1eocipf19gy-gencatlg 2ddccBK 00102ddc4070aSADAbSADAd2011-07-18l5m3o741.2 EDW 1999pSADA0001543r2013-06-05s2013-05-08w2011-09-15yBK